000 00811cam a22002413a 4500
001 34498
003 PGUSA
005 20140828083738.0
008 101129s2010||||xxu|||||s|||||000 | eng d
040 _aPGUSA
_beng
042 _adc
050 4 _aPN
100 1 _aEmerson, Charles Wesley,
_d1837-1908
245 1 0 _aEvolution of Expression, Volume 2—Revised :
_bA Compilation of Selections Illustrating the Four Stages of Development in Art As Applied to Oratory; Twenty-Eighth Edition
_h[electronic resource] /
_cCharles Wesley Emerson
260 _bProject Gutenberg,
_c2010
506 _aPublic domain in the USA.
516 _aElectronic text
653 _aRecitations
653 _aElocution
830 0 _aProject Gutenberg
_v34498
856 4 0 _uhttp://www.gutenberg.org/ebooks/34498
942 _cEB
999 _c263753
_d263753